Not in my back yard!: was there recent restrictive covenants on land case a victory? (Record no. 72280)

MARC details
000 -LEADER
fixed length control field 01613cam a2200289 4500
008 - FIXED-LENGTH DATA ELEMENTS--GENERAL INFORMATION
fixed length control field 030311n2003 000 0 eng u
035 ## - SYSTEM CONTROL NUMBER
System control number (Sirsi) u121590
100 ## - MAIN ENTRY--PERSONAL NAME
Personal name Chapman, V.
245 ## - TITLE STATEMENT
Title Not in my back yard!: was there recent restrictive covenants on land case a victory?
260 ## - PUBLICATION, DISTRIBUTION, ETC.
Date of publication, distribution, etc. 2003
490 ## - SERIES STATEMENT
Series statement Solicitors' Journal
Volume/sequential designation 147(2) 17 January 2003, 48-49(2)
520 ## - SUMMARY, ETC.
Summary, etc. Discusses "Crest Nicholson Residential (South) Ltd v McAllister" (ChD Abs66116) where two restrictive covenants threatened land development. The first covenant restricted land use for the purpose of a private dwellinghouse for a single house or for private residential use. The second covenant restricted building on land unless plans were approved by a named person were absolute or spent if the person died. The judge upheld the "prima facie" meaning of the covenant restricting use to a private dwellinghouse whilst recognising that the second covenant prohibiting building had been spent upon dissolution of the company. "Crest" is likely to be used as a precedent when similar restrictive covenants are considered in the future.
590 ## - LOCAL NOTE (RLIN)
Local note ABS
650 ## - SUBJECT ADDED ENTRY--TOPICAL TERM
Topical term or geographic name entry element CREST NICHOLSON RESIDENTIAL (SOUTH) LTD V MCALLISTER
650 ## - SUBJECT ADDED ENTRY--TOPICAL TERM
Topical term or geographic name entry element COVENANTS
650 ## - SUBJECT ADDED ENTRY--TOPICAL TERM
Topical term or geographic name entry element DEVELOPMENT LAND
650 ## - SUBJECT ADDED ENTRY--TOPICAL TERM
Topical term or geographic name entry element DWELLINGHOUSES
650 ## - SUBJECT ADDED ENTRY--TOPICAL TERM
Topical term or geographic name entry element DOBBS V LINFORD
650 ## - SUBJECT ADDED ENTRY--TOPICAL TERM
Topical term or geographic name entry element DOWNIE V TURNER
650 ## - SUBJECT ADDED ENTRY--TOPICAL TERM
Topical term or geographic name entry element BRIGGS V MCCUSKER
650 ## - SUBJECT ADDED ENTRY--TOPICAL TERM
Topical term or geographic name entry element RE BEECHWOOD HOMES LTDS APPLICATION 1994
650 ## - SUBJECT ADDED ENTRY--TOPICAL TERM
Topical term or geographic name entry element BELL V NORMAN C ASHTON LTD
650 ## - SUBJECT ADDED ENTRY--TOPICAL TERM
Topical term or geographic name entry element LAW OF PROPERTY ACT 1925 S61
650 ## - SUBJECT ADDED ENTRY--TOPICAL TERM
Topical term or geographic name entry element RESTRICTIVE COVENANTS
690 ## - LOCAL SUBJECT ADDED ENTRY--TOPICAL TERM (OCLC, RLIN)
Topical term or geographic name as entry element PROPERTY
942 ## - ADDED ENTRY ELEMENTS (KOHA)
Suppress in OPAC 0
Holdings
Withdrawn status Lost status Source of classification or shelving scheme Damaged status Not for loan Home library Current library Shelving location Date acquired Total Checkouts Barcode Date last seen Copy number Price effective from Koha item type
    Dewey Decimal Classification     London London Journal article 11/03/2003   121590-1001 06/08/2019 1 06/08/2019 Journal article